000 01139nam0a22002411 4500
001 rc\528338
005 20250621121452.0
035 _a(NLR Aleph) 005766617
090 _a4992206
_c4992206
100 _a20030616d1988 |||y0rusy50 ca
101 0 _arus
102 _aRU
105 _aa |||||||||
200 1 _aРуководство по очистке, мойке и окраске машин и деталей
_eУтв. подотделом эксплуатации и ремонта маш.-тракт. парка Госагропрома СССР 10.07.87
210 _aМ.
_cГосНИТИ
_d1988
215 _a60, [1] с.
_cил.
_d20
225 1 _aСпециалистам колхозов и совхозов
_fГос. всесоюз. н.-и. технол. ин-т ремонта и эксплуатации маш.-тракт. парка
712 0 1 _aСССР
_bАгропромышленный ком.
_bПодотдел эксплуатации и ремонта машинно-тракторного парка
801 0 _aRU
_bNLR
_gpsbo
801 1 _aRU
_bELAR
_2rusmarc
852 _aNLR
_j88-4/14649
942 _cBOOK
980 _aNB